La reforma del sistema financiero (Registro nro. 18122)

Detalles MARC
000 -LEADER
fixed length control field 00458 a2200157 4500
001 - CONTROL NUMBER
control field ART_12922
005 - DATE AND TIME OF LATEST TRANSACTION
control field 20260410161734.0
008 - FIXED-LENGTH DATA ELEMENTS--GENERAL INFORMATION
fixed length control field 260409a
100 1# - MAIN ENTRY--PERSONAL NAME
Personal name Bagur, Jorge Bernardino
245 10 - TITLE STATEMENT
Title La reforma del sistema financiero
700 1# - ADDED ENTRY--PERSONAL NAME
Personal name Rossi, Rodolfo C.
700 1# - ADDED ENTRY--PERSONAL NAME
Personal name Adamo, Carlos
700 1# - ADDED ENTRY--PERSONAL NAME
Personal name Vázquez, Amadeo
700 1# - ADDED ENTRY--PERSONAL NAME
Personal name Glembocki, Samuel
773 0# - HOST ITEM ENTRY
Title Ejecutivos de finanzas
Related parts - Año 4, Nº 31 (sep. 1986)
Record control number REV2863

No hay ítems disponibles.